• 首页
  • 本馆介绍
  • 公告通知
  • 最新文献
  • 馆藏检索
  • 电子资源
  • 读者导购
  • 参考咨询
  • 我的图书馆
  • 登录
  • 详细信息显示
  • 放入我的书架
  • 预约/预借图书
  • 作者相关作品
  • 分类相关作品
  • 丛书相关作品
  • 出版社相关作品

书目信息

  • 表格格式
  • 工作单格式
  • 卡片格式
题名:
汽车运用基础
    
 
作者: 韩爱民 , 周大森 主编
分册:  
出版信息: 北京   中央广播电视大学出版社  2016.7
页数: 370页
开本: 26cm
丛书名:
单 册:
中图分类: U471.2
科图分类:
主题词: 汽车--应用--高等职业教育--教材 , 汽车
电子资源:
ISBN: 978-7-304-04525-8
000 00978nam0 2200265 450
001 0400001713
005 20171019135913.0
010    @a978-7-304-04525-8@dCNY40.00
100    @a20110214d2016 em y0chiy50 ea
101 0  @achi
102    @aCN@b110000
105    @ay z 000yy
106    @ar
200 1  @a汽车运用基础@9qi che yun yong ji chu@f韩爱民,周大森主编
210    @a北京@c中央广播电视大学出版社@d2016.7
215    @a370页@d26cm
300    @a全国高等学校高职高专汽车类专业规划教材
330    @a本书分为十一章,内容包括汽车使用条件及使用性能评价、汽车动力性、汽车使用经济性、汽车行驶安全性、汽车的通过性和平顺性、汽车公害的形成与防治、汽车的合理使用、汽车技术状况变化及维护与修理制度、汽车的使用寿命、汽车运输企业管理等。
606 0  @a汽车@x应用@x高等职业教育@j教材
606 0  @a汽车
690    @aU471.2@v4
701  0 @a韩爱民@9han ai min@4主编
701  0 @a周大森@9zhou da sen@4主编
801  0 @aCN@b91MARC@c20171019
905    @b1030331-5@dU471.2@f5@e505
    
    汽车运用基础/韩爱民,周大森主编.-北京:中央广播电视大学出版社,2016.7
    370页;26cm
    全国高等学校高职高专汽车类专业规划教材
    
    ISBN 978-7-304-04525-8:CNY40.00
    本书分为十一章,内容包括汽车使用条件及使用性能评价、汽车动力性、汽车使用经济性、汽车行驶安全性、汽车的通过性和平顺性、汽车公害的形成与防治、汽车的合理使用、汽车技术状况变化及维护与修理制度、汽车的使用寿命、汽车运输企业管理等。
●
相关链接 在E读中查询图书 在五车中查询图书 在当当中查询图书 在豆瓣中查询图书


正题名:汽车运用基础     索取号:U471.2/505         预约/预借

序号 登录号 条形码 馆藏地/架位号 状态 备注
1 1030331   210303312   第二样本阅览室/ [索取号:U471.2/505] 在馆    
2 1030332   210303321   密集书库-物理学院/ [索取号:U471.2/505] 在馆    
3 1030333   210303330   第三借阅区/ [索取号:U471.2/505] 在馆    
4 1030334   210303349   第三借阅区/ [索取号:U471.2/505] 在馆    
5 1030335   210303358   第三借阅区/ [索取号:U471.2/505] 在馆    
唐山师范学院图书馆 欢迎您!
大连网信软件有限公司© 版权所有